[Event "Unterfranken-ch69 M2"]
[Site "Schweinfurt"]
[Date "2018.04.07"]
[Round "9"]
[White "Simon, Jonathan"]
[Black "Boehl, Marius"]
[Result "0-1"]
[WhiteElo "2019"]
[BlackElo "1821"]
[PlyCount "92"]
[EventDate "2018.04.02"]
[EventType "swiss"]
[EventRounds "9"]
[EventCountry "GER"]
[SourceTitle "EXT 2019"]
[Source "ChessBase"]
[SourceDate "2018.10.10"]
[SourceVersion "1"]
[SourceVersionDate "2018.10.10"]
[SourceQuality "1"]

1. Nf3 Nf6 2. d4 e6 3. e3 d5 4. Bd3 Be7 5. 0-0 0-0 6. Nbd2 c5 7. b3 Nc6 8. Bb2 b6 9. c4 cxd4 10. exd4 Bb7 11. Qe2 Rc8 12. Rac1 dxc4 13. bxc4 Re8 14. Rfd1 g6 15. Qe3 Bf8 16. Nf1 Qe7 17. Rc3 Ng4 18. Qf4 h5 19. h3 e5 20. Qg3 exd4 21. Rb3 Nge5 22. Bf5 Nxf3+ 23. gxf3 Rcd8 24. f4 Qf6 25. Bb1 Bd6 26. Bc1 h4 27. Qg4 Bc8 28. Qg2 Na5 29. Rb5 Bc5 30. Nh2 Nxc4 31. Ng4 Qe7 32. Nh6+ Kh7 33. f5 Ne5 34. fxg6+ fxg6 35. Bg5 Qxg5 36. Qxg5 Nf3+ 37. Kf1 Nxg5 38. Ng4 Bxg4 39. hxg4 h3 40. f4 Nf7 41. f5 gxf5 42. gxf5 Kg7 43. Rb3 Re3 44. Rb2 Rh8 45. f6+ Kxf6 46. Rf2+ Ke7 0-1

[Event "Unterfranken-ch69 M2"]
[Site "Schweinfurt"]
[Date "2018.04.05"]
[Round "6"]
[White "Boehl, Marius"]
[Black "Krenz, Dieter"]
[Result "0-1"]
[WhiteElo "1821"]
[BlackElo "1893"]
[PlyCount "96"]
[EventDate "2018.04.02"]
[EventType "swiss"]
[EventRounds "9"]
[EventCountry "GER"]
[SourceTitle "EXT 2019"]
[Source "ChessBase"]
[SourceDate "2018.10.10"]
[SourceVersion "1"]
[SourceVersionDate "2018.10.10"]
[SourceQuality "1"]

1. d4 d5 2. Nf3 Nf6 3. g3 e6 4. Bg2 b6 5. c4 Bb7 6. 0-0 dxc4 7. Qa4+ Nbd7 8. Ne5 Bxg2 9. Kxg2 Bd6 10. Nc6 Qc8 11. f3 0-0 12. e4 e5 13. Qxc4 exd4 14. Nxd4 Ne5 15. Qc2 Bc5 16. Nf5 Re8 17. Bg5 Qe6 18. Nc3 c6 19. Rad1 h6 20. Bxf6 Qxf6 21. f4 Ng4 22. h3 Qxf5 23. Rf3 Qe6 24. hxg4 Qxg4 25. Rfd3 Re7 26. Rd8+ Rxd8 27. Rxd8+ Kh7 28. e5+ g6 29. Qe4 Rd7 30. Rxd7 Qxd7 31. Qc2 Qd4 32. Ne4 Qd5 33. Kf1 Be7 34. Ke2 c5 35. Nf6+ Bxf6 36. exf6 Qe6+ 37. Kf3 Qxf6 38. Qa4 Qe7 39. g4 Qb7+ 40. Kg3 b5 41. Qc2 Qc7 42. Qe4 c4 43. Qd5 b4 44. g5 h5 45. Kf3 c3 46. bxc3 bxc3 47. Qd1 c2 48. Qc1 Qc4 0-1

[Event "Unterfranken-ch69 M2"]
[Site "Schweinfurt"]
[Date "2018.04.04"]
[Round "5"]
[White "Basel, Matthias"]
[Black "Boehl, Marius"]
[Result "1-0"]
[WhiteElo "2071"]
[BlackElo "1821"]
[PlyCount "63"]
[EventDate "2018.04.02"]
[EventType "swiss"]
[EventRounds "9"]
[EventCountry "GER"]
[SourceTitle "EXT 2019"]
[Source "ChessBase"]
[SourceDate "2018.10.10"]
[SourceVersion "1"]
[SourceVersionDate "2018.10.10"]
[SourceQuality "1"]

1. d4 Nf6 2. c4 e6 3. Nf3 b6 4. g3 Bb7 5. Bg2 Be7 6. 0-0 0-0 7. d5 exd5 8. Nh4 g6 9. cxd5 d6 10. Nc3 a5 11. b3 Nfd7 12. Nf3 Bf6 13. Bb2 Nc5 14. Nd4 Nbd7 15. Re1 h5 16. Ncb5 Ne5 17. Qc2 h4 18. f4 Ng4 19. e4 Ba6 20. Bf1 Qd7 21. h3 hxg3 22. hxg4 Qxg4 23. e5 dxe5 24. fxe5 Bg5 25. Qe2 Qd7 26. Qf3 Bh4 27. Red1 Bb7 28. Nc6 g5 29. Qf6 Ne4 30. Ne7+ Kh7 31. Bd3 Qg4 32. e6 1-0

[Event "Unterfranken-ch69 M2"]
[Site "Schweinfurt"]
[Date "2018.04.02"]
[Round "1"]
[White "Boehl, Marius"]
[Black "Kuhn, Norbert"]
[Result "0-1"]
[WhiteElo "1821"]
[BlackElo "2084"]
[PlyCount "96"]
[EventDate "2018.04.02"]
[EventType "swiss"]
[EventRounds "9"]
[EventCountry "GER"]
[SourceTitle "EXT 2019"]
[Source "ChessBase"]
[SourceDate "2018.10.10"]
[SourceVersion "1"]
[SourceVersionDate "2018.10.10"]
[SourceQuality "1"]

1. d4 d5 2. Nf3 e6 3. c4 Nf6 4. g3 c5 5. cxd5 Nxd5 6. Bg2 Nc6 7. 0-0 cxd4 8. Nxd4 Bd7 9. a3 Be7 10. e4 Nf6 11. Nc3 0-0 12. Be3 Nxd4 13. Bxd4 Bc6 14. b4 a6 15. e5 Nd5 16. Nxd5 Bxd5 17. Bxd5 Qxd5 18. Bb2 Rfd8 19. Qxd5 Rxd5 20. Rfd1 Rxd1+ 21. Rxd1 Kf8 22. Rd7 Rb8 23. Bd4 Ke8 24. Rc7 Bd8 25. Rc3 Kd7 26. Kf1 Rc8 27. Rxc8 Kxc8 28. Ke2 Kd7 29. Kd3 Kc6 30. Kc4 b5+ 31. Kd3 Kd5 32. f4 g5 33. Bc3 Bb6 34. fxg5 Bc7 35. Bd2 Bxe5 36. Bc1 Bd4 37. g4 e5 38. h4 e4+ 39. Ke2 Kc4 40. Be3 Bxe3 41. Kxe3 Kd5 42. h5 Ke5 43. h6 Kd5 44. Kf4 Kd4 45. Kf5 e3 46. Kf6 e2 47. Kg7 e1Q 48. Kxh7 Qh4 0-1

[Event "Regionalliga NW 1415"]
[Site "Bayern"]
[Date "2015.03.15"]
[Round "8.4"]
[White "Krenz, Dieter"]
[Black "Boehl, Marius"]
[Result "1-0"]
[WhiteElo "1874"]
[BlackElo "1801"]
[PlyCount "71"]
[EventDate "2014.10.19"]
[EventType "team-tourn"]
[EventRounds "9"]
[EventCountry "GER"]
[SourceTitle "EXT 2018"]
[Source "ChessBase"]
[SourceDate "2017.10.13"]
[SourceVersion "1"]
[SourceVersionDate "2017.10.13"]
[SourceQuality "1"]
[WhiteTeam "Prichsenstadt"]
[BlackTeam "Moembris"]
[WhiteTeamCountry "GER"]
[BlackTeamCountry "GER"]

1. e4 c5 2. d4 cxd4 3. c3 d3 4. Bxd3 Nc6 5. f4 d6 6. Nf3 Nf6 7. 0-0 e6 8. h3 a6 9. Be3 Be7 10. Nbd2 0-0 11. Qe2 e5 12. Rad1 Nh5 13. fxe5 Ng3 14. Qf2 Nxf1 15. exd6 Nxe3 16. dxe7 Qxe7 17. Qxe3 Be6 18. e5 Bd5 19. Bxh7+ Kxh7 20. Qd3+ g6 21. Qxd5 Rad8 22. Qe4 Qc5+ 23. Kh1 Qf2 24. Qf4 Qe2 25. Re1 Qd3 26. Ng5+ Kg7 27. Nde4 Qd7 28. Qf6+ Kh6 29. Rf1 Ne7 30. Nxf7+ Rxf7 31. Qxf7 Qd3 32. Qf4+ Kg7 33. Ng5 Qf5 34. Qxf5 Nxf5 35. Ne6+ Kg8 36. Nxd8 1-0

[Event "Regionalliga NW 1415"]
[Site "Bayern"]
[Date "2015.02.22"]
[Round "7.5"]
[White "Pabel, Ralph"]
[Black "Boehl, Marius"]
[Result "1/2-1/2"]
[WhiteElo "1867"]
[BlackElo "1801"]
[PlyCount "58"]
[EventDate "2014.10.19"]
[EventType "team-tourn"]
[EventRounds "9"]
[EventCountry "GER"]
[SourceTitle "EXT 2018"]
[Source "ChessBase"]
[SourceDate "2017.10.13"]
[SourceVersion "1"]
[SourceVersionDate "2017.10.13"]
[SourceQuality "1"]
[WhiteTeam "Mainaschaff"]
[BlackTeam "Moembris"]
[WhiteTeamCountry "GER"]
[BlackTeamCountry "GER"]

1. e4 c5 2. Nc3 Nc6 3. f4 e6 4. Nf3 a6 5. Be2 d6 6. 0-0 Nf6 7. Kh1 b5 8. e5 Nd7 9. exd6 Bxd6 10. d4 Bb7 11. d5 exd5 12. Nxd5 Nf6 13. c4 bxc4 14. Bxc4 0-0 15. Nc3 Qc7 16. Ng5 Nd4 17. Qd3 Qc6 18. Bd5 Qc7 19. Bxb7 Qxb7 20. Nce4 Nxe4 21. Qxe4 Qxe4 22. Nxe4 Be7 23. f5 Rfe8 24. Bd2 Rad8 25. Ba5 Rd5 26. f6 Bf8 27. fxg7 Bxg7 28. Nf6+ Bxf6 29. Rxf6 Re6 1/2-1/2

[Event "Regionalliga NW 1415"]
[Site "Bayern"]
[Date "2015.01.18"]
[Round "5.5"]
[White "Wuest, Michael"]
[Black "Boehl, Marius"]
[Result "1-0"]
[WhiteElo "1879"]
[BlackElo "1801"]
[PlyCount "80"]
[EventDate "2014.10.19"]
[EventType "team-tourn"]
[EventRounds "9"]
[EventCountry "GER"]
[SourceTitle "EXT 2018"]
[Source "ChessBase"]
[SourceDate "2017.10.13"]
[SourceVersion "1"]
[SourceVersionDate "2017.10.13"]
[SourceQuality "1"]
[WhiteTeam "Hof PTSV"]
[BlackTeam "Moembris"]
[WhiteTeamCountry "GER"]
[BlackTeamCountry "GER"]

1. d4 e6 2. c4 Nf6 3. Nc3 d5 4. Nf3 Nbd7 5. Bg5 Be7 6. cxd5 exd5 7. e3 c6 8. Bd3 Ne4 9. Bxe7 Qxe7 10. Bxe4 dxe4 11. Nd2 f5 12. 0-0 Nb6 13. Qh5+ g6 14. Qh6 Be6 15. b3 0-0-0 16. Rac1 g5 17. f3 exf3 18. Nxf3 Rhg8 19. Ne5 Nd7 20. Nxd7 Qxd7 21. Qf6 a6 22. Na4 Qd6 23. Qh6 Kb8 24. Nc5 Bc8 25. Qxd6+ Rxd6 26. Rcd1 Re8 27. Rfe1 b6 28. Nd3 f4 29. Ne5 c5 30. exf4 gxf4 31. Nc6+ Rxc6 32. Rxe8 cxd4 33. Rxd4 Rc2 34. Rc4 Rxc4 35. bxc4 Kc7 36. Re7+ Kd6 37. Rxh7 Bf5 38. Rf7 Bb1 39. a3 Kc5 40. Rxf4 Ba2 1-0

[Event "Regionalliga NW 1415"]
[Site "Bayern"]
[Date "2014.11.23"]
[Round "3.5"]
[White "Schwarzmann, Tobias"]
[Black "Boehl, Marius"]
[Result "1/2-1/2"]
[WhiteElo "1905"]
[BlackElo "1801"]
[PlyCount "72"]
[EventDate "2014.10.19"]
[EventType "team-tourn"]
[EventRounds "9"]
[EventCountry "GER"]
[SourceTitle "EXT 2018"]
[Source "ChessBase"]
[SourceDate "2017.10.13"]
[SourceVersion "1"]
[SourceVersionDate "2017.10.13"]
[SourceQuality "1"]
[WhiteTeam "Hoechstadt/Aisch"]
[BlackTeam "Moembris"]
[WhiteTeamCountry "GER"]
[BlackTeamCountry "GER"]

1. e4 c5 2. Nf3 Nc6 3. d4 cxd4 4. Nxd4 e6 5. Be2 a6 6. 0-0 Qc7 7. Be3 Nf6 8. Bf3 Ne5 9. Nd2 b5 10. Be2 Bb7 11. f4 Nc4 12. Nxc4 bxc4 13. e5 Nd5 14. Qd2 c3 15. bxc3 Qxc3 16. Qxc3 Nxc3 17. Bf3 Bxf3 18. Nxf3 Nd5 19. Bd2 Bc5+ 20. Kh1 Ke7 21. c4 Ne3 22. Rfc1 Ng4 23. h3 Nf2+ 24. Kh2 Ne4 25. Rc2 Nxd2 26. Nxd2 Be3 27. Kg3 Bxd2 28. Rxd2 Rhc8 29. Rc2 Rc5 30. Rb1 f6 31. Re1 Rb8 32. Kf3 Rb4 33. Re4 Ra4 34. Kf2 Raa5 35. Rce2 Ra4 36. Rc2 Raa5 1/2-1/2

[Event "Regionalliga NW 1415"]
[Site "Bayern"]
[Date "2014.10.19"]
[Round "1.5"]
[White "Boehl, Marius"]
[Black "Haecker, Roland"]
[Result "1-0"]
[WhiteElo "1801"]
[BlackElo "1796"]
[PlyCount "43"]
[EventDate "2014.10.19"]
[EventType "team-tourn"]
[EventRounds "9"]
[EventCountry "GER"]
[SourceTitle "EXT 2018"]
[Source "ChessBase"]
[SourceDate "2017.10.13"]
[SourceVersion "1"]
[SourceVersionDate "2017.10.13"]
[SourceQuality "1"]
[WhiteTeam "Moembris"]
[BlackTeam "Aschaffenburg Schweinheim"]
[WhiteTeamCountry "GER"]
[BlackTeamCountry "GER"]

1. d4 d5 2. Nf3 Nf6 3. Bg5 e6 4. e3 Be7 5. Bd3 Nbd7 6. Nbd2 c5 7. c3 Qb6 8. Qc2 h6 9. Bh4 0-0 10. e4 dxe4 11. Nxe4 Nd5 12. Bxe7 Nxe7 13. 0-0 Nc6 14. dxc5 Nxc5 15. Nxc5 Qxc5 16. Qe2 Qh5 17. Rad1 g6 18. Rd2 b6 19. Rfd1 Bb7 20. Be4 Na5 21. b4 Nc6 22. Rd7 1-0

[Event "Unterfranken-ch HB 60th"]
[Site "Obernau"]
[Date "2009.04.16"]
[Round "6"]
[White "Boehl, Marius"]
[Black "Gruenewald, Florian"]
[Result "1-0"]
[WhiteElo "1618"]
[BlackElo "1436"]
[PlyCount "99"]
[EventDate "2009.04.13"]
[EventType "swiss"]
[EventRounds "9"]
[EventCountry "GER"]
[SourceTitle "EXT 2015"]
[Source "ChessBase"]
[SourceDate "2014.11.20"]
[SourceVersion "1"]
[SourceVersionDate "2014.11.20"]
[SourceQuality "1"]

1. d4 Nf6 2. Nf3 d5 3. c4 c6 4. e3 g6 5. Nc3 e6 6. Bd3 Bg7 7. 0-0 0-0 8. Bd2 Nbd7 9. Rc1 b6 10. cxd5 cxd5 11. a4 Bb7 12. Qe2 a5 13. Nb5 Ba6 14. b4 Bxb5 15. Bxb5 Ne4 16. bxa5 Nxd2 17. Nxd2 bxa5 18. Nb3 Bf6 19. Qd2 Be7 20. Nxa5 Rxa5 21. Bxd7 Ra7 22. Bb5 Bd6 23. Rc6 Bc7 24. Rfc1 Ba5 25. Qc2 Qe7 26. Qc5 Rfa8 27. Rc8+ Rxc8 28. Qxc8+ Kg7 29. Qc5 Rc7 30. Qxe7 Rxe7 31. Kf1 Rc7 32. Rc5 Kf6 33. Ke2 Ke7 34. Kd3 Kd6 35. Rxc7 Bxc7 36. f3 f5 37. h3 e5 38. e4 fxe4+ 39. fxe4 Bb6 40. dxe5+ Kxe5 41. exd5 Kxd5 42. Bc4+ Ke5 43. Bg8 h6 44. Kc4 Kf4 45. Kb5 Be3 46. Bd5 h5 47. Bf3 Kg3 48. a5 g5 49. a6 g4 50. hxg4 1-0

[Event "GER-ch U12"]
[Site "Willingen"]
[Date "2008.05.14"]
[Round "6"]
[White "Boehl, Marius"]
[Black "Diederichs, Luise"]
[Result "1-0"]
[WhiteElo "1471"]
[BlackElo "1177"]
[PlyCount "65"]
[EventDate "2008.05.11"]
[EventType "swiss"]
[EventRounds "11"]
[EventCountry "GER"]
[SourceTitle "CBM 124 Extra"]
[Source "ChessBase"]
[SourceDate "2008.07.03"]
[SourceVersion "1"]
[SourceVersionDate "2008.07.03"]
[SourceQuality "1"]

1. d4 d5 2. c4 e6 3. Nc3 c6 4. Nf3 Nf6 5. Bg5 Nbd7 6. e3 Qa5 7. Bd3 Bb4 8. Qb3 Ne4 9. Bxe4 dxe4 10. Nd2 Bxc3 11. Qxc3 Qxg5 12. Nxe4 Qxg2 13. Ng3 Qh3 14. 0-0-0 Qh4 15. d5 Nb6 16. b3 cxd5 17. Qxg7 Rf8 18. cxd5 Nxd5 19. Rd4 Qf6 20. Qxh7 Qxf2 21. Rd3 Nxe3 22. Rd2 Qf3 23. Qh4 Qc6+ 24. Kb1 Qc7 25. Ne4 Nd5 26. Rxd5 f6 27. Nd6+ Kd8 28. Nb5+ exd5 29. Nxc7 Kxc7 30. Rc1+ Kd8 31. Qf4 Ke7 32. Qc7+ Ke8 33. Re1+ 1-0

[Event "GER-ch U12"]
[Site "Willingen"]
[Date "2008.05.11"]
[Round "2"]
[White "Boehl, Marius"]
[Black "Hellwig, Immo"]
[Result "0-1"]
[WhiteElo "1471"]
[BlackElo "1278"]
[PlyCount "86"]
[EventDate "2008.05.11"]
[EventType "swiss"]
[EventRounds "11"]
[EventCountry "GER"]
[SourceTitle "CBM 124 Extra"]
[Source "ChessBase"]
[SourceDate "2008.07.03"]
[SourceVersion "1"]
[SourceVersionDate "2008.07.03"]
[SourceQuality "1"]

1. d4 Nf6 2. c4 c5 3. e3 cxd4 4. exd4 g6 5. Nf3 Bg7 6. Nc3 e6 7. Bg5 0-0 8. Qd2 Nc6 9. Ne4 d5 10. Nxf6+ Bxf6 11. Bxf6 Qxf6 12. Rd1 b6 13. c5 bxc5 14. dxc5 Rb8 15. b3 Bd7 16. Rb1 Rfc8 17. b4 Ne5 18. Nxe5 Qxe5+ 19. Qe3 Qxe3+ 20. fxe3 Rxc5 21. bxc5 Rxb1+ 22. Kd2 Rb2+ 23. Kd3 Rxa2 24. Kd4 f6 25. Bd3 e5+ 26. Kxd5 Rd2 27. Kc4 Be6+ 28. Kc3 Rxg2 29. Bc4 Kf7 30. Bxe6+ Kxe6 31. Rd1 Ra2 32. c6 Ra6 33. Kb4 Rxc6 34. e4 Rd6 35. Re1 Rd4+ 36. Kb5 f5 37. exf5+ gxf5 38. Rc1 e4 39. Rc8 f4 40. Rh8 f3 41. Rxh7 f2 42. Rh6+ Kf7 43. Rh7+ Kg6 0-1